01011nam a2200169Ia 4500008004100000020001800041050002000059100003400079245008900113250001700202260003200219300006700251500002700318505044000345650002300785700003300808120721s2007 mx acb 000 0 spa d a9789702404453 aD308bL69 r2007 aLozano Fuentes, José Manuel10aHistoria universal contemporaneab/ Jose Manuel Lozano Fuentes, Amalia López Reyes a2a edición aMéxicob: Patriac; 2007. a387 páginasb: ilustraciones, fotografías, mapasc; 25 cm. a2a reimpresión, 2007 aAntecedentes de la edad contemporánea Nociones sobre la naturaleza del conocimiento histórico Revolución Francesa Napoleón Bonaparte Independencia de America Europa 1815 a 1848 Inglaterra en el siglo XIX Europa de 1848 a 1870 Cultura en el siglo XIX Revolución maquinista Pimera Guerra Mundial Fascismo en Italia Nazismo Aleman Militarismo japones Segunda Guerra Mundial Medio Oriente en la postguerra Cultura de America 1945 aHISTORIA UNIVERSAL aLópez Reyes, Amaliaeautor